| 000 | 01384nam a2200409 c 4500 | ||
|---|---|---|---|
| 999 |
_c49269 _d49269 |
||
| 001 | 49269 | ||
| 003 | ES-MaCES | ||
| 005 | 20170424105759.0 | ||
| 008 | 170421s2017 sp t 000 | spa d | ||
| 017 |
_aM 8085-2017 _bDL |
||
| 020 | _a9788494605925 | ||
| 040 |
_aES-MaCES _bspa _cES-MaCES |
||
| 245 | 0 | 0 |
_aRepensar las políticas sociales _b: predistribución e inversión social _cJoseba Zalakain y Borja Barragué (coords.) ; [autores], Xavier Martínez-Celorrio ... [et al.] |
| 260 |
_aMadrid _bGrupo 5 _c[2017] |
||
| 300 |
_a368 p. _bgráf. bl. y n. _c24 cm |
||
| 500 | _aÍndices | ||
| 504 | _aBibliografía: p. 321-357 | ||
| 541 | _cCompra | ||
| 650 | 4 |
_apolítica social _927029 |
|
| 650 | 4 |
_aEstado-Benefactor _929481 |
|
| 650 | 4 |
_apobreza _927112 |
|
| 650 | 4 |
_alucha contra la pobreza _930648 |
|
| 650 | 4 |
_adesigualdad social _930789 |
|
| 650 | 4 |
_aoportunidades de educación _927181 |
|
| 650 | 4 |
_afondo de inversión social _930747 |
|
| 650 | 4 |
_agastos sociales _930633 |
|
| 650 | 4 |
_adistribución del ingreso _927109 |
|
| 650 | 4 |
_aingreso garantizado _929342 |
|
| 650 | 4 |
_aEspaña _926964 |
|
| 650 | 4 |
_ainternacional _926674 |
|
| 653 | 1 | 0 | _aAsuntos Sociales |
| 700 | 1 |
_aZalakain, Joseba _ecoord. _926493 |
|
| 700 | 1 |
_aBarragué, Borja _ecoord. _938089 |
|
| 700 | 1 |
_aMartínez Celorrio, Xavier _937748 |
|
| 902 | _aLIB Libro | ||
| 942 |
_2CES _cBK _h3.3. |
||